[Event "ODJM B 2016"]
[Site "Willingen GER"]
[Date "2016.05.15"]
[Round "1"]
[White "Knerr, Sebastian"]
[Black "Abicht, Aruna Sophia"]
[Result "1-0"]
[Termination "normal"]
[Board "25"]
[WhiteElo "1418"]
[BlackElo "1060"]
[PlyCount "99"]
[WhiteFideId "16266013"]
[EventCountry "GER"]
[EventRounds "9"]
[EventType "swiss"]
[EventDate "2016.05.14"]

1. e4 e5 2. Nf3 Nc6 3. Bc4 Nd4 4. Nxd4 exd4 5. O-O d6 6. f4 Be6 7. Bxe6 fxe6 8.
c3 c5 9. cxd4 cxd4 10. e5 g6 11. Qa4+ Qd7 12. Qxd4 Bg7 13. Qxd6 Qxd6 14. exd6
Rd8 15. Nc3 Rxd6 16. Re1 Kf7 17. Ne4 Rb6 18. Rb1 Ne7 19. b3 a5 20. Ng5+ Kg8 21.
Rxe6 Rxe6 22. Nxe6 Bf6 23. Bb2 Bxb2 24. Rxb2 h6 25. Rc2 Kf7 26. Nd4 Rd8 27. Nf3
Nd5 28. g3 Kf6 29. a3 h5 30. Kf2 Kf5 31. Nd4+ Ke4 32. Nc6 Kd3 33. Nxd8 Kxc2 34.
Nxb7 Kxb3 35. Nxa5+ Kxa3 36. Nc4+ Kb3 37. Ne5 Ne7 38. Kg2 Kc2 39. d3 Kc3 40.
Kh3 Nf5 41. Nxg6 Kxd3 42. g4 Ke4 43. gxf5 Kxf5 44. Ne7+ Kxf4 45. Kh4 Kf3 46.
Kxh5 Kf4 47. h4 Ke5 48. Kg6 Ke6 49. h5 Kxe7 50. Kg7 1-0

[Event "ODJM B 2016"]
[Site "Willingen GER"]
[Date "2016.05.15"]
[Round "1"]
[White "Ott, Linda"]
[Black "Jahrke, Jonas"]
[Result "0-1"]
[Termination "normal"]
[Board "26"]
[WhiteElo "1057"]
[BlackElo "1526"]
[PlyCount "66"]
[WhiteFideId "12992453"]
[BlackFideId "12984353"]
[EventCountry "GER"]
[EventRounds "9"]
[EventType "swiss"]
[EventDate "2016.05.14"]

1. e4 c5 2. Nc3 e6 3. f4 a6 4. Bc4 b5 5. Be2 Bb7 6. d3 Qc7 7. Be3 d6 8. Nf3 Nd7
9. e5 dxe5 10. fxe5 Nxe5 11. Nxe5 Qxe5 12. Qd2 Qc7 13. d4 c4 14. Bf4 Bd6 15.
Bxd6 Qxd6 16. Bf3 Bxf3 17. gxf3 Nf6 18. Ne4 Nxe4 19. fxe4 O-O 20. Rg1 Rad8 21.
e5 Qxd4 22. Qxd4 Rxd4 23. a3 Re4+ 24. Kf1 Rxe5 25. Re1 Rxe1+ 26. Kxe1 Rd8 27.
Ke2 f5 28. Ke3 Kf7 29. Kf4 Rd2 30. b4 Rxc2 31. h4 Kf6 32. h5 Rc3 33. Rg5 e5#
0-1

[Event "ODJM B 2016"]
[Site "Willingen GER"]
[Date "2016.05.15"]
[Round "1"]
[White "Leßmann, Sönke"]
[Black "Arnold, Alexandria"]
[Result "1-0"]
[Termination "normal"]
[Board "27"]
[WhiteElo "1408"]
[BlackElo "1047"]
[PlyCount "65"]
[WhiteFideId "16222520"]
[BlackFideId "16205383"]
[EventCountry "GER"]
[EventRounds "9"]
[EventType "swiss"]
[EventDate "2016.05.14"]

1. e4 e5 2. Nf3 Nc6 3. Bc4 Bc5 4. c3 d6 5. d3 Nf6 6. Nbd2 Bg4 7. h3 Be6 8. Bb3
d5 9. O-O Qd6 10. Ng5 Nd8 11. Nxe6 Nxe6 12. exd5 Nxd5 13. Nc4 Qe7 14. Nxe5
O-O-O 15. d4 Bb6 16. Re1 f6 17. Nd3 Rhe8 18. Bxd5 Rxd5 19. Nf4 Rd6 20. b3 g5
21. Nxe6 Rxe6 22. Bd2 f5 23. Kf1 f4 24. Qg4 Kb8 25. Qh5 h6 26. Rxe6 Qxe6 27.
Re1 Qxe1+ 28. Bxe1 Rh8 29. h4 Rg8 30. hxg5 hxg5 31. Qf7 Rh8 32. Qg7 Rh1+ 33.
Ke2 1-0

[Event "ODJM B 2016"]
[Site "Willingen GER"]
[Date "2016.05.15"]
[Round "1"]
[White "Winterberg, Martin"]
[Black "Rokohl, Florian"]
[Result "1-0"]
[Termination "normal"]
[Board "28"]
[WhiteElo "1046"]
[BlackElo "1397"]
[PlyCount "77"]
[WhiteFideId "16245091"]
[BlackFideId "16229738"]
[EventCountry "GER"]
[EventRounds "9"]
[EventType "swiss"]
[EventDate "2016.05.14"]

1. e4 c5 2. Nf3 Nc6 3. d4 cxd4 4. Nxd4 g6 5. Nc3 Bg7 6. Be3 Nf6 7. Be2 O-O 8.
O-O a6 9. Bf3 Ne5 10. b3 Nxf3+ 11. Qxf3 d6 12. Rab1 Ng4 13. h3 Nxe3 14. fxe3 e5
15. Nde2 f5 16. Nd5 fxe4 17. Qxe4 Bf5 18. Qc4 Rc8 19. Ne7+ Kh8 20. Nxc8 Qxc8
21. Qxc8 Rxc8 22. Ng3 Be6 23. c4 Kg8 24. Rbd1 Rd8 25. Ne4 Bf8 26. Ng5 Re8 27.
Nxe6 Rxe6 28. Rf2 Bh6 29. Re2 Bg5 30. g3 Kg7 31. h4 Bf6 32. e4 b6 33. a4 Bd8
34. Red2 Bc7 35. a5 Kf6 36. axb6 Bxb6+ 37. Kg2 Ke7 38. b4 h6 39. Ra2 1-0

[Event "ODJM B 2016"]
[Site "Willingen GER"]
[Date "2016.05.15"]
[Round "1"]
[White "Wagner, Victoria"]
[Black "Reyher, Bastian"]
[Result "1-0"]
[Termination "normal"]
[Board "29"]
[WhiteElo "1395"]
[BlackElo "1064"]
[PlyCount "63"]
[WhiteFideId "16232348"]
[BlackFideId "12927465"]
[EventCountry "GER"]
[EventRounds "9"]
[EventType "swiss"]
[EventDate "2016.05.14"]

1. e4 e5 2. Nf3 Nc6 3. Bc4 Nf6 4. Nc3 Bc5 5. d3 d6 6. Bg5 h6 7. Be3 Bb6 8. Nd5
Bg4 9. Nxb6 axb6 10. h3 Bh5 11. c3 O-O 12. g4 Bg6 13. g5 Bh5 14. gxh6 Nh7 15.
Rg1 g6 16. d4 Qf6 17. Be2 Ne7 18. Ng5 Nxg5 19. Bxg5 Qe6 20. Bxh5 Nc8 21. Bg4 f5
22. exf5 exd4+ 23. fxe6 dxc3 24. bxc3 Ra5 25. Bh5 Re5+ 26. Be3 Ne7 27. Bxg6 Kh8
28. Qg4 Rg8 29. Qh4 Nxg6 30. Qf6+ Kh7 31. Qf4 Kh8 32. Rxg6 1-0

[Event "ODJM B 2016"]
[Site "Willingen GER"]
[Date "2016.05.15"]
[Round "1"]
[White "Seliokaite, Ana"]
[Black "Zimmer, Claudius"]
[Result "1-0"]
[Termination "normal"]
[Board "30"]
[WhiteElo "1138"]
[BlackElo "1395"]
[PlyCount "73"]
[WhiteFideId "16224817"]
[EventCountry "GER"]
[EventRounds "9"]
[EventType "swiss"]
[EventDate "2016.05.14"]

1. e4 e5 2. Nf3 Nc6 3. Bc4 Bc5 4. d4 exd4 5. Ng5 Ne5 6. Nxf7 Bb4+ 7. c3 dxc3 8.
bxc3 Bxc3+ 9. Nxc3 Nxf7 10. Bxf7+ Kxf7 11. Qd5+ Kf8 12. e5 d6 13. Ba3 Ne7 14.
Qf3+ Ke8 15. Rd1 Nf5 16. O-O g6 17. Rfe1 Kd7 18. exd6 Nxd6 19. Nb5 Rf8 20. Qc3
Rf6 21. Qg3 Kc6 22. Nxd6 cxd6 23. Qc3+ Kd7 24. Qb4 Qb6 25. Qg4+ Kc7 26. Rc1+
Kb8 27. Qg3 a5 28. Re8 Ka7 29. Rexc8 Rxc8 30. Rxc8 Qb1+ 31. Rc1 Qxa2 32. Qe3+
Ka6 33. Qd3+ b5 34. Rc6+ Ka7 35. Qd4+ Kb7 36. Qb6+ Ka8 37. Rc8# 1-0

[Event "ODJM B 2016"]
[Site "Willingen GER"]
[Date "2016.05.15"]
[Round "1"]
[White "Grone, Lion"]
[Black "Lorenz, Keana"]
[Result "1-0"]
[Termination "normal"]
[Board "31"]
[WhiteElo "1392"]
[BlackElo "1037"]
[PlyCount "97"]
[WhiteFideId "16245032"]
[BlackFideId "12990248"]
[EventCountry "GER"]
[EventRounds "9"]
[EventType "swiss"]
[EventDate "2016.05.14"]

1. e4 c5 2. Nf3 Nc6 3. Bb5 g6 4. O-O Bg7 5. c3 Nf6 6. Re1 O-O 7. d4 cxd4 8.
cxd4 a6 9. Ba4 b5 10. Bb3 Bb7 11. a3 d5 12. e5 Ne4 13. Ng5 f6 14. Ne6 Qd7 15.
Nxf8 Rxf8 16. Rxe4 Kh8 17. e6 Qd6 18. Bf4 Qd8 19. Re2 f5 20. Rd2 Qb6 21. Nc3
Nxd4 22. Be3 f4 23. Bxd4 Bxd4 24. Rxd4 Qxe6 25. Bxd5 Bxd5 26. Rxd5 Qc6 27. Rd8
Rxd8 28. Qxd8+ Kg7 29. Qxe7+ Kg8 30. Qd8+ Kg7 31. Qd4+ Kg8 32. Qd5+ Qxd5 33.
Nxd5 Kf7 34. Nc7 h5 35. h4 Kf6 36. Nxa6 Kf5 37. f3 Ke5 38. Rd1 Kf6 39. Re1 Kf7
40. Nc7 Kf6 41. Nxb5 Kf5 42. a4 Kf6 43. a5 Kf7 44. a6 Kf6 45. a7 Kf5 46. a8=Q
g5 47. Qf8+ Kg6 48. Re6+ Kh7 49. Rh6# 1-0

[Event "ODJM B 2016"]
[Site "Willingen GER"]
[Date "2016.05.15"]
[Round "1"]
[White "Lohrmann, Linus"]
[Black "Frank, Marek"]
[Result "0-1"]
[Termination "normal"]
[Board "32"]
[WhiteElo "1036"]
[BlackElo "1386"]
[PlyCount "68"]
[WhiteFideId "12982857"]
[BlackFideId "16239520"]
[EventCountry "GER"]
[EventRounds "9"]
[EventType "swiss"]
[EventDate "2016.05.14"]

1. e4 c5 2. Nc3 Nc6 3. Nf3 g6 4. Bc4 Bg7 5. Ng5 e6 6. d3 Nf6 7. h3 O-O 8. Nf3
a6 9. e5 Ne8 10. Bg5 Qc7 11. Qe2 b5 12. Bb3 d5 13. exd6 Nxd6 14. O-O-O Nf5 15.
g4 Nfd4 16. Nxd4 Nxd4 17. Qe4 Bb7 18. Bf4 Bxe4 19. Bxc7 Bxh1 20. Rxh1 Rfc8 21.
Bf4 a5 22. Kb1 a4 23. Nd5 axb3 24. Ne7+ Kf8 25. Nxc8 bxa2+ 26. Kc1 a1=Q+ 27.
Kd2 Qxh1 28. Bd6+ Ke8 29. Bxc5 Rxc8 30. Bxd4 Bxd4 31. g5 Qg2 32. b4 Qxf2+ 33.
Kd1 Rxc2 34. h4 Qd2# 0-1

[Event "ODJM B 2016"]
[Site "Willingen GER"]
[Date "2016.05.15"]
[Round "1"]
[White "Grey, Andrea"]
[Black "Wagner, Margarethe"]
[Result "1-0"]
[Termination "normal"]
[Board "33"]
[WhiteElo "1428"]
[BlackElo "1036"]
[PlyCount "109"]
[WhiteFideId "12971880"]
[BlackFideId "16236947"]
[EventCountry "GER"]
[EventRounds "9"]
[EventType "swiss"]
[EventDate "2016.05.14"]

1. Nf3 d5 2. d4 Nc6 3. b3 Nf6 4. Bb2 Bf5 5. a3 a6 6. e3 e6 7. c4 dxc4 8. Bxc4
b5 9. Bd3 Bxd3 10. Qxd3 Be7 11. Nbd2 O-O 12. O-O b4 13. axb4 Nxb4 14. Qc4 Qd6
15. Rfc1 Rfc8 16. Ba3 a5 17. Bxb4 Qxb4 18. Ne5 Qxd2 19. Nc6 Re8 20. Rc2 Qxc2
21. Qxc2 Bb4 22. Rc1 Ba3 23. Ra1 Bb4 24. h3 Rec8 25. Ra4 Bd6 26. Nxa5 c5 27.
Nc4 Bc7 28. dxc5 Rxa4 29. bxa4 Ra8 30. Nb6 Rb8 31. a5 Nd5 32. Kf1 Nb4 33. Qc3
Nd5 34. Qc4 h6 35. Ke2 Nxb6 36. cxb6 Bxb6 37. axb6 Rxb6 38. Kf3 e5 39. Qc8+ Kh7
40. Qf5+ Kg8 41. Qxe5 Rf6+ 42. Ke2 Re6 43. Qd5 Ra6 44. Qd8+ Kh7 45. Qd3+ Kg8
46. Qxa6 g6 47. Kf3 Kg7 48. Kg4 Kh7 49. Qf6 Kg8 50. h4 Kf8 51. h5 g5 52. Qxh6+
Kg8 53. Kxg5 f6+ 54. Kg6 f5 55. Qg7# 1-0

[Event "ODJM B 2016"]
[Site "Willingen GER"]
[Date "2016.05.15"]
[Round "1"]
[White "Beyer, Clemens"]
[Black "Schilay, Maria"]
[Result "0-1"]
[Termination "normal"]
[Board "34"]
[WhiteElo "1028"]
[BlackElo "1210"]
[PlyCount "150"]
[WhiteFideId "16245407"]
[BlackFideId "12942979"]
[EventCountry "GER"]
[EventRounds "9"]
[EventType "swiss"]
[EventDate "2016.05.14"]

1. d4 d5 2. Nf3 Nf6 3. e3 Bf5 4. Bd3 Bg6 5. b3 e6 6. a3 Bd6 7. Bb2 Nbd7 8. Bxg6
hxg6 9. h3 Ne4 10. Nbd2 Ndf6 11. Ne5 Nxd2 12. Qxd2 Ne4 13. Qe2 Qe7 14. Qb5+ Kf8
15. Qxb7 Qd8 16. Nc6 Qe8 17. Nxa7 Qb8 18. Qxb8+ Rxb8 19. Nc6 Rb6 20. Ne5 Bxe5
21. dxe5 Rc6 22. Rc1 Ke7 23. c4 Rb8 24. cxd5 Rxc1+ 25. Bxc1 Rxb3 26. dxe6 Kxe6
27. f4 Rb1 28. Kd1 Nf2+ 29. Kc2 Rb5 30. Rf1 Ne4 31. Rd1 Rc5+ 32. Kb3 Rc3+ 33.
Kb4 Rc2 34. Rg1 c5+ 35. Kb3 Rc3+ 36. Kb2 c4 37. Rd1 Rb3+ 38. Kc2 Rc3+ 39. Kb2
Rb3+ 40. Ka1 Ke7 41. Rd4 Nc3 42. Bb2 Na4 43. Bc1 $11 43... Nc3 44. Bb2 Na4 45.
Bc1 $11 45... Rc3 46. Bb2 Rc2 47. g3 Nxb2 48. Kb1 Rg2 49. Re4 Nd3 50. Rxc4 Rxg3
51. a4 Rxe3 52. a5 Nxf4 53. Rxf4 Ra3 54. Kb2 Rxa5 55. Re4 Ke6 56. Rc4 Rxe5 57.
Rc6+ Kf5 58. Rc7 Kf6 59. Rc6+ Re6 60. Rc5 Re2+ 61. Kc1 Rh2 62. Rc3 Kg5 63. Rf3
f5 64. Rg3+ Kh5 65. Kd1 g5 66. Ke1 f4 67. Rf3 Kh4 68. Kf1 Rxh3 69. Rf2 Kg4 70.
Rg2+ Rg3 71. Rxg3+ Kxg3 72. Kg1 f3 73. Kh1 g6 74. Kg1 f2+ 75. Kf1 g4 0-1

[Event "ODJM B 2016"]
[Site "Willingen GER"]
[Date "2016.05.15"]
[Round "1"]
[White "Gehrke, Jakob"]
[Black "Voltmer, Victor"]
[Result "1/2-1/2"]
[Termination "normal"]
[Board "35"]
[WhiteElo "1303"]
[BlackElo "1028"]
[PlyCount "43"]
[WhiteFideId "12993905"]
[EventCountry "GER"]
[EventRounds "9"]
[EventType "swiss"]
[EventDate "2016.05.14"]

1. e4 d6 2. d4 Nf6 3. Nc3 g6 4. Nf3 Bg7 5. Be3 Bg4 6. Be2 Bxf3 7. Bxf3 Nbd7 8.
Qd2 O-O 9. Bh6 c6 10. g4 Ne8 11. g5 f6 12. Bg4 Nc7 13. h4 Bxh6 14. gxh6 d5 15.
exd5 cxd5 16. Rg1 e5 17. Nxd5 f5 18. Nxc7 Qxc7 19. Bh3 exd4 20. Qxd4 Qe5+ 21.
Qxe5 Nxe5 22. O-O-O 1/2-1/2

[Event "ODJM B 2016"]
[Site "Willingen GER"]
[Date "2016.05.15"]
[Round "1"]
[White "Waligora, Franciszek"]
[Black "Chalabi, Tom"]
[Result "1-0"]
[Termination "normal"]
[Board "36"]
[WhiteElo "1021"]
[BlackElo "1365"]
[PlyCount "77"]
[WhiteFideId "4005120"]
[BlackFideId "4003012"]
[EventCountry "GER"]
[EventRounds "9"]
[EventType "swiss"]
[EventDate "2016.05.14"]

1. e4 d5 2. exd5 c6 3. d4 cxd5 4. Nc3 Nc6 5. Nf3 Bf5 6. Bb5 a6 7. Ba4 b5 8. Bb3
e6 9. O-O Bd6 10. Re1 h6 11. Nxd5 Na5 12. c4 Kf8 13. Ne3 Bg6 14. cxb5 axb5 15.
Bc2 Bh7 16. Bd2 Nc6 17. g3 Nf6 18. Rc1 Rc8 19. Qe2 Qb6 20. Bxh7 Rxh7 21. Qd3
Rh8 22. d5 Ne7 23. Rxc8+ Nxc8 24. dxe6 Ke7 25. Nd5+ Nxd5 26. Qxd5 f6 27. Bf4
Rd8 28. Qe4 Bc5 29. Be3 Bxe3 30. Qxe3 Qxe3 31. Rxe3 Nd6 32. Nd4 Rb8 33. Nc6+
Ke8 34. Nxb8 Nc4 35. Re2 Ke7 36. Nc6+ Ke8 37. Kf1 Nd6 38. Rd2 Nb7 39. e7 1-0

[Event "ODJM B 2016"]
[Site "Willingen GER"]
[Date "2016.05.15"]
[Round "1"]
[White "Zeng, Xiaoyang-Alex"]
[Black "Strohschneider, Leon"]
[Result "1-0"]
[Termination "normal"]
[Board "37"]
[WhiteElo "1357"]
[BlackElo "996"]
[PlyCount "61"]
[BlackFideId "16211634"]
[EventCountry "GER"]
[EventRounds "9"]
[EventType "swiss"]
[EventDate "2016.05.14"]

1. d4 d5 2. c4 c6 3. Nc3 e6 4. Nf3 Nf6 5. Bg5 Nbd7 6. e3 h6 7. Bh4 Be7 8. Bg3
O-O 9. Bd3 b6 10. O-O Ba6 11. cxd5 Bxd3 12. Qxd3 cxd5 13. Rfc1 Rc8 14. Nb5 a6
15. Nc7 Rxc7 16. Bxc7 Qa8 17. Bg3 Re8 18. a3 Ne4 19. Ne5 Nxe5 20. Bxe5 Qb7 21.
h3 f6 22. Bh2 Rf8 23. Rc7 Qa8 24. Rxe7 e5 25. dxe5 fxe5 26. Bxe5 Rxf2 27. Rxg7+
Kf8 28. Rf1 Qe8 29. Rxf2+ Nxf2 30. Qf5+ Qf7 31. Qxf7# 1-0

[Event "ODJM B 2016"]
[Site "Willingen GER"]
[Date "2016.05.15"]
[Round "1"]
[White "Ibrahim, Eva"]
[Black "Ponomarev, Maximilian"]
[Result "0-1"]
[Termination "normal"]
[Board "38"]
[WhiteElo "973"]
[BlackElo "1554"]
[PlyCount "92"]
[WhiteFideId "12993948"]
[BlackFideId "16216768"]
[EventCountry "GER"]
[EventRounds "9"]
[EventType "swiss"]
[EventDate "2016.05.14"]

1. e4 d5 2. exd5 Qxd5 3. Nc3 Qd6 4. Bc4 a6 5. Nf3 Nf6 6. d3 Bf5 7. O-O e6 8.
Bg5 Be7 9. Qe2 O-O 10. Ne4 Qd8 11. Ne5 Nxe4 12. dxe4 Bxg5 13. exf5 exf5 14. Qf3
c6 15. Qxf5 Qf6 16. Qxf6 Bxf6 17. Nd3 Nd7 18. Rad1 Nb6 19. Bb3 Rab8 20. Nc5
Bxb2 21. Rb1 Ba3 22. Ba4 Bxc5 23. Bb3 Rfd8 24. Rfe1 Re8 25. Red1 Re2 26. Rf1
Rd8 27. Rbe1 Rdd2 28. Rxe2 Rxe2 29. c3 Kf8 30. Bd1 Rxa2 31. h3 a5 32. Bb3 Rb2
33. Bd1 a4 34. Bxa4 Nxa4 35. c4 Nb6 36. Kh2 Rxf2 37. Rxf2 Bxf2 38. g4 Nxc4 39.
Kg2 Bh4 40. Kf3 b5 41. Ke2 b4 42. Kd1 b3 43. Kc1 Bg5+ 44. Kb1 Nd2+ 45. Kb2 Bf6+
46. Kc1 b2+ 0-1

[Event "ODJM B 2016"]
[Site "Willingen GER"]
[Date "2016.05.15"]
[Round "1"]
[White "Rempe, Mieke"]
[Black "Toma, Yanis"]
[Result "1/2-1/2"]
[Termination "normal"]
[Board "39"]
[WhiteElo "1345"]
[BlackElo "1319"]
[PlyCount "58"]
[WhiteFideId "16202384"]
[BlackFideId "16215460"]
[EventCountry "GER"]
[EventRounds "9"]
[EventType "swiss"]
[EventDate "2016.05.14"]

1. e4 e5 2. Nf3 Nc6 3. Bb5 Nf6 4. Nc3 d6 5. O-O Be7 6. d3 Bd7 7. Nd5 Nxd5 8.
exd5 Nb4 9. Bxd7+ Qxd7 10. c4 O-O 11. a3 Na6 12. b4 Bf6 13. Ra2 Rfe8 14. Ng5 h6
15. Ne4 Be7 16. Qh5 f5 17. Ng3 Rf8 18. Bxh6 gxh6 19. Qg6+ Kh8 20. Nh5 Bd8 21.
Qxh6+ Kg8 22. Qg6+ Kh8 23. Qh6+ Kg8 24. f4 Qh7 25. Qe6+ Qf7 26. Qh6 Qh7 27.
Qe6+ Qf7 28. Qh6 Qh7 29. Qe6+ Qf7 1/2-1/2

[Event "ODJM B 2016"]
[Site "Willingen GER"]
[Date "2016.05.15"]
[Round "1"]
[White "Rempe, Janne"]
[Black "von Pückler, Konstantin"]
[Result "0-1"]
[Termination "normal"]
[Board "40"]
[WhiteElo "948"]
[BlackElo "1327"]
[PlyCount "156"]
[WhiteFideId "16202392"]
[BlackFideId "16205847"]
[EventCountry "GER"]
[EventRounds "9"]
[EventType "swiss"]
[EventDate "2016.05.14"]

1. e4 c5 2. Nf3 d6 3. Bc4 Nf6 4. d3 a6 5. c3 b5 6. Bb3 Bb7 7. O-O c4 8. dxc4
Nxe4 9. cxb5 axb5 10. Bd5 Qb6 11. Ng5 Nxg5 12. Bxg5 e6 13. Re1 Nc6 14. Qf3 Nd8
15. Bxd8 Bxd5 16. Bxb6 Bxf3 17. gxf3 Be7 18. Na3 Rb8 19. Bd4 O-O 20. f4 b4 21.
cxb4 Rxb4 22. Nc2 Rc4 23. Rac1 Rfc8 24. Re2 Rxd4 25. f5 e5 26. Rce1 Rg4+ 27.
Kh1 Ra4 28. a3 Bg5 29. Nb4 Ra5 30. Rd1 Be7 31. f4 f6 32. fxe5 dxe5 33. Nd5 Bf8
34. Rg2 Rc6 35. h4 Ra4 36. Rh2 Rg4 37. h5 h6 38. b4 Rcc4 39. Ne3 Rgd4 40. Rxd4
Rxd4 41. Rg2 Rd3 42. Ng4 Kf7 43. Rb2 Rxa3 44. b5 Rh3+ 45. Kg2 Rxh5 46. b6 Bd6
47. b7 Ke7 48. b8=Q Bxb8 49. Rxb8 Rxf5 50. Rb7+ Kf8 51. Rb8+ Kf7 52. Rb7+ Kg6
53. Ne3 Rg5+ 54. Kf3 h5 55. Ng2 Rg4 56. Re7 Kh6 57. Re8 g5 58. Rh8+ Kg6 59.
Rg8+ Kh7 60. Re8 Rd4 61. Re7+ Kg6 62. Kg3 Rd3+ 63. Kh2 Kf5 64. Ne1 Re3 65. Ng2
Ra3 66. Rh7 Kg4 67. Rh6 Rh3+ 68. Kg1 f5 69. Rc6 f4 70. Kf2 Rf3+ 71. Ke2 Kg3 72.
Ne1 Re3+ 73. Kd2 h4 74. Nc2 Rf3 75. Ne1 Rf2+ 76. Kd1 h3 77. Nd3 Rf1+ 78. Ke2 h2
0-1

[Event "ODJM B 2016"]
[Site "Willingen GER"]
[Date "2016.05.15"]
[Round "1"]
[White "Stork, Christopher"]
[Black "Reichel, Sara"]
[Result "0-1"]
[Termination "normal"]
[Board "41"]
[WhiteElo "1654"]
[BlackElo "940"]
[PlyCount "50"]
[WhiteFideId "16215400"]
[BlackFideId "16245130"]
[EventCountry "GER"]
[EventRounds "9"]
[EventType "swiss"]
[EventDate "2016.05.14"]

1. e4 c5 2. Nf3 Nc6 3. d4 cxd4 4. Nxd4 g6 5. Nc3 Bg7 6. Be3 Nf6 7. f3 O-O 8.
Qd2 d5 9. O-O-O Nxd4 10. Bxd4 dxe4 11. fxe4 Qa5 12. Qe3 Be6 13. Kb1 Ng4 14. Qf3
Bh6 15. h3 Nf6 16. a3 a6 17. Bxf6 exf6 18. Qxf6 Bg7 19. Qf3 b5 20. Be2 b4 21.
axb4 Qxb4 22. Kc1 Bh6+ 23. Rd2 Rfd8 24. Rhd1 Rab8 25. Rf1 Qxb2+ 0-1

[Event "ODJM B 2016"]
[Site "Willingen GER"]
[Date "2016.05.15"]
[Round "1"]
[White "Reiser, Silas"]
[Black "Frank, Carolin"]
[Result "0-1"]
[Termination "normal"]
[Board "42"]
[WhiteElo "926"]
[BlackElo "1407"]
[PlyCount "36"]
[BlackFideId "16207190"]
[EventCountry "GER"]
[EventRounds "9"]
[EventType "swiss"]
[EventDate "2016.05.14"]

1. e4 d5 2. exd5 Qxd5 3. Nc3 Qa5 4. Nf3 c6 5. Bc4 Nf6 6. d3 Bg4 7. Bf4 e6 8. h3
Bh5 9. Qe2 Bb4 10. Bd2 O-O 11. Ne4 Nxe4 12. Qxe4 Bxf3 13. Bxb4 Qxb4+ 14. c3
Qxb2 15. Qxf3 Qxa1+ 16. Qd1 Qxc3+ 17. Kf1 Rd8 18. Kg1 Qxc4 0-1

[Event "ODJM B 2016"]
[Site "Willingen GER"]
[Date "2016.05.15"]
[Round "1"]
[White "Borgmann, Simon"]
[Black "Burdot, Clara"]
[Result "1/2-1/2"]
[Termination "normal"]
[Board "43"]
[WhiteElo "1318"]
[BlackElo "921"]
[PlyCount "54"]
[WhiteFideId "16234677"]
[BlackFideId "4004779"]
[EventCountry "GER"]
[EventRounds "9"]
[EventType "swiss"]
[EventDate "2016.05.14"]

1. e4 d5 2. exd5 Qxd5 3. Nc3 Qa5 4. d3 Nf6 5. Nf3 Bg4 6. Be2 c6 7. Bd2 Nbd7 8.
O-O Qc7 9. Nd4 Bxe2 10. Qxe2 e6 11. Nf3 Bd6 12. h3 O-O 13. Ne4 Nxe4 14. Qxe4
Nf6 15. Qe2 Rfe8 16. Rfe1 Rad8 17. Ne5 h6 18. Bf4 Nd5 19. Bh2 f6 20. Nf3 e5 21.
Qe4 Nb4 22. Qc4+ Qf7 23. Qxf7+ Kxf7 24. Re2 a6 25. a3 Nd5 26. Nd2 b6 27. Nc4
Bc5 1/2-1/2

[Event "ODJM B 2016"]
[Site "Willingen GER"]
[Date "2016.05.15"]
[Round "1"]
[White "Klühs, Isabel"]
[Black "Gloyer, Fabian"]
[Result "1/2-1/2"]
[Termination "normal"]
[Board "44"]
[WhiteElo "919"]
[BlackElo "1386"]
[PlyCount "104"]
[WhiteFideId "16228944"]
[BlackFideId "16205944"]
[EventCountry "GER"]
[EventRounds "9"]
[EventType "swiss"]
[EventDate "2016.05.14"]

1. d4 d5 2. Nf3 Nc6 3. c3 Bf5 4. e3 Nf6 5. a3 e6 6. c4 h6 7. Nc3 Bd6 8. Be2 a6
9. O-O O-O 10. b4 dxc4 11. Bxc4 Be7 12. Bb2 Ne4 13. Nxe4 Bxe4 14. Rc1 Bd5 15.
Bxd5 Qxd5 16. Re1 Qe4 17. Qc2 Qxc2 18. Rxc2 Bd6 19. e4 Rac8 20. d5 exd5 21.
exd5 Ne7 22. Rd2 Rfe8 23. Rdd1 Ng6 24. Rxe8+ Rxe8 25. Re1 Rxe1+ 26. Nxe1 Nf4
27. g3 Nxd5 28. Nd3 Kf8 29. Kf1 g6 30. h4 h5 31. Bd4 Ke7 32. Ke2 Ke6 33. Kf3 b6
34. Ke4 f5+ 35. Kf3 Nf6 36. Ke2 Ng4 37. f4 Kd5 38. Bb2 Ke4 39. Nc1 c5 40. bxc5
bxc5 41. Nb3 Ne3 42. Nd2+ Kd5 43. Kxe3 c4 44. Nb1 Bc5+ 45. Kd2 Ke4 46. Ke2 Bd6
47. Nc3+ Kd4 48. Nb5+ Kd5 49. Nxd6 Kxd6 50. Ke3 Kd5 51. Bd4 Kd6 52. Bc3 Kd5
1/2-1/2

[Event "ODJM B 2016"]
[Site "Willingen GER"]
[Date "2016.05.15"]
[Round "1"]
[White "Zwecker, Simon"]
[Black "Kreitmeier, Anika"]
[Result "0-1"]
[Termination "normal"]
[Board "46"]
[WhiteElo "916"]
[BlackElo "1310"]
[PlyCount "72"]
[WhiteFideId "16257677"]
[BlackFideId "12991775"]
[EventCountry "GER"]
[EventRounds "9"]
[EventType "swiss"]
[EventDate "2016.05.14"]

1. e4 e5 2. Nf3 Nc6 3. Bb5 a6 4. Bc4 Nf6 5. d3 d5 6. exd5 Nxd5 7. O-O Be6 8.
Nc3 Nxc3 9. bxc3 Bxc4 10. dxc4 Bd6 11. Re1 O-O 12. Re3 Re8 13. Qd3 Qe7 14. Ng5
Qxg5 15. Rh3 Qg6 16. Qe3 Rad8 17. Rg3 Qh5 18. Bd2 e4 19. Rh3 Qg6 20. c5 Be5 21.
Re1 Re6 22. Bc1 Rf6 23. g3 Rf3 24. Qe2 Bxc3 25. Qxe4 Qxe4 26. Rxe4 Rf5 27. Reh4
h6 28. g4 Rxc5 29. Be3 Bd4 30. g5 Bxe3 31. Rxe3 Rxg5+ 32. Kf1 Rd1+ 33. Ke2 Rd6
34. f4 Rg2+ 35. Kf1 Rxc2 36. Rg3 Rd1# 0-1

[Event "ODJM B 2016"]
[Site "Willingen GER"]
[Date "2016.05.15"]
[Round "1"]
[White "Feil, Alexander"]
[Black "Kail, Oliver"]
[Result "1-0"]
[Termination "normal"]
[Board "47"]
[WhiteElo "1371"]
[BlackElo "915"]
[PlyCount "105"]
[WhiteFideId "4002954"]
[BlackFideId "16228820"]
[EventCountry "GER"]
[EventRounds "9"]
[EventType "swiss"]
[EventDate "2016.05.14"]

1. e4 e5 2. d4 d6 3. dxe5 dxe5 4. Qxd8+ Kxd8 5. Nf3 Nc6 6. Nc3 f6 7. Be3 b6 8.
O-O-O+ Bd6 9. Nb5 Ke7 10. Nxd6 cxd6 11. Bb5 Bd7 12. Rd2 a6 13. Bxc6 Bxc6 14.
Bxb6 Bxe4 15. Rhd1 Bxf3 16. gxf3 Nh6 17. Rxd6 Nf5 18. R6d2 Rab8 19. Bc7 Rb7 20.
Bd6+ Nxd6 21. Rxd6 Kf7 22. Rd7+ Rxd7 23. Rxd7+ Kg6 24. Ra7 h5 25. Rxa6 Kf5 26.
Ra4 g5 27. h3 Kg6 28. Rc4 Re8 29. Kd2 Re6 30. Ke3 f5 31. a4 Ra6 32. b3 f4+ 33.
Ke4 Kf6 34. Rb4 Rc6 35. Rc4 Ra6 36. Rc5 Re6 37. a5 h4 38. Rb5 Re7 39. Rb6+ Kf7
40. a6 Kg7 41. Rb7 Rxb7 42. axb7 Kf6 43. b8=Q Ke6 44. Qb6+ Ke7 45. Qc6 Kf7 46.
b4 Ke7 47. b5 Kf7 48. b6 Ke7 49. b7 Kf7 50. Qd6 Kg7 51. b8=R Kf7 52. Rb7+ Ke8
53. Qb8# 1-0